Victorian Literature and Culture (Record no. 5883)
[ view plain ]
| 000 -LEADER | |
|---|---|
| fixed length control field | 00838cas a2200157 4500 |
| 008 - FIXED-LENGTH DATA ELEMENTS--GENERAL INFORMATION | |
| fixed length control field | 170427n eng u |
| 022 ## - INTERNATIONAL STANDARD SERIAL NUMBER | |
| International Standard Serial Number | 10601503 |
| 035 ## - SYSTEM CONTROL NUMBER | |
| System control number | (Sirsi) a202647 |
| 050 ## - LIBRARY OF CONGRESS CALL NUMBER | |
| Classification number | http://www.jstor.org/subject/britstud |
| 245 ## - TITLE STATEMENT | |
| Title | Victorian Literature and Culture |
| 260 ## - PUBLICATION, DISTRIBUTION, ETC. | |
| Place of publication, distribution, etc. | JSTOR |
| 310 ## - CURRENT PUBLICATION FREQUENCY | |
| Current publication frequency | Bi - annual |
| 362 ## - DATES OF PUBLICATION AND/OR SEQUENTIAL DESIGNATION | |
| Dates of publication and/or sequential designation | Vol. 25 , No. 1 , 1997 - Vol. 39 , No. 2 , 2011 |
| 520 ## - SUMMARY, ETC. | |
| Summary, etc. | VLC encourages high quality original work concerned with all areas of Victorian literature and culture, including music and the fine arts. The journal presents work at the cutting edge of current research, including exciting new studies in untouched subjects or new methodologies. Contributions are welcomed from internationally established scholars as well as younger members of the profession. |
| 650 ## - SUBJECT ADDED ENTRY--TOPICAL TERM | |
| Topical term or geographic name entry element | British Studies |
| Withdrawn status | Lost status | Source of classification or shelving scheme | Damaged status | Not for loan | Home library | Current library | Shelving location | Total Checkouts | Full call number | Barcode | Date last seen | Copy number | Uniform Resource Identifier | Price effective from | Koha item type |
|---|---|---|---|---|---|---|---|---|---|---|---|---|---|---|---|
| Main Library | Main Library | Serials | HTTP://WWW.JSTOR.ORG | 15032511997 | 08/12/2019 | 1 | http://www.jstor.org/subject/britstud | 08/12/2019 | Electronic Resource | ||||||
| Main Library | Main Library | Serials | HTTP://WWW.JSTOR.ORG | 15033922011 | 08/12/2019 | 2 | 08/12/2019 | Electronic Resource |